000 00263nam a22001217a 4500
008 170606b xxu||||| |||| 00| 0 eng d
041 _aeng
080 _a94(5)
100 _a18
101 _aSHH
245 _aA HISTORY OF ISRAEL
_cBRIGHT.J
942 _2udc
_cBK
999 _c16062
_d16062